Problems And Solutions Of Engineering Electromagnetics (Record no. 301282)

MARC details
000 -LEADER
fixed length control field 00439nam a2200157Ia 4500
008 - FIXED-LENGTH DATA ELEMENTS--GENERAL INFORMATION
fixed length control field 230718s9999 xx 000 0 und d
041 ## - LANGUAGE CODE
Language code of text/sound track or separate title eng
082 ## - DEWEY DECIMAL CLASSIFICATION NUMBER
Classification number 621.3
Item number CBS
100 ## - MAIN ENTRY--PERSONAL NAME
Personal name CBS Series
245 ## - TITLE STATEMENT
Title Problems And Solutions Of Engineering Electromagnetics
260 ## - PUBLICATION, DISTRIBUTION, ETC. (IMPRINT)
Date of publication, distribution, etc. 1999
Name of publisher, distributor, etc. CBS Series
300 ## - PHYSICAL DESCRIPTION
Extent 542
Accompanying material [OBSOLETE, CAN/MARC] Ref 613 E (12486)
365 ## - TRADE PRICE
Currency code Rs.
Price amount 150.00
700 ## - ADDED ENTRY--PERSONAL NAME
Personal name Experienced Teachers
906 ## - LOCAL DATA ELEMENT F, LDF (RLIN)
d B:1058805-Mar-2001
c ETC
b 22.5
Holdings
Withdrawn status Lost status Damaged status Not for loan Home library Current library Date acquired Vendor Budget Code Cost, normal purchase price Bill number Total Checkouts Full call number Barcode Date last seen Date last checked out Discount Cost, replacement price Bill Date Koha item type Original Barcode
        Cummins College of Engineering for Women Pune Cummins College of Engineering for Women Pune 07/03/2001 Pradeep Book Distributors ETC 127.50 10588 1 621.3 CCEP-BK-12488 24/01/2025 13/01/2025 22.5 150.00 05/03/2001 Books 012488